Post-millennium building trends (Record no. 63821)

MARC details
000 -LEADER
fixed length control field 00750cam a2200241 4500
001 - CONTROL NUMBER
control field ABS62421
008 - FIXED-LENGTH DATA ELEMENTS--GENERAL INFORMATION
fixed length control field 000000n2000 000 0 eng u
035 ## - SYSTEM CONTROL NUMBER
System control number (Sirsi) u106590
100 ## - MAIN ENTRY--PERSONAL NAME
Personal name Hughes, D.
245 ## - TITLE STATEMENT
Title Post-millennium building trends
260 ## - PUBLICATION, DISTRIBUTION, ETC.
Date of publication, distribution, etc. 2000
490 ## - SERIES STATEMENT
Series statement Architects' Journal
Volume/sequential designation 211(22) 8 June 2000, 45-47(3)
520 ## - SUMMARY, ETC.
Summary, etc. The first report of a quarterly feature comments on DETR and RICS statistics and looks at existing trends and forecasts for the construction industry.
590 ## - LOCAL NOTE (RLIN)
Local note ABS
650 ## - SUBJECT ADDED ENTRY--TOPICAL TERM
Topical term or geographic name entry element DETR
650 ## - SUBJECT ADDED ENTRY--TOPICAL TERM
Topical term or geographic name entry element RICS
650 ## - SUBJECT ADDED ENTRY--TOPICAL TERM
Topical term or geographic name entry element FORECASTS
650 ## - SUBJECT ADDED ENTRY--TOPICAL TERM
Topical term or geographic name entry element STATISTICS
650 ## - SUBJECT ADDED ENTRY--TOPICAL TERM
Topical term or geographic name entry element CONSTRUCTION INDUSTRY
690 ## - LOCAL SUBJECT ADDED ENTRY--TOPICAL TERM (OCLC, RLIN)
Topical term or geographic name as entry element BUILT ENVIRONMENT-CONSTRUCTION MARKET
700 ## - ADDED ENTRY--PERSONAL NAME
Personal name Williams-Lock, R.
942 ## - ADDED ENTRY ELEMENTS (KOHA)
Suppress in OPAC 0
Holdings
Withdrawn status Lost status Source of classification or shelving scheme Damaged status Not for loan Home library Current library Shelving location Date acquired Total Checkouts Full call number Barcode Date last seen Copy number Price effective from Koha item type
    Dewey Decimal Classification     London London Journal article 20/06/2000   ABS62421 106590-1001 06/08/2019 1 06/08/2019 Journal article